Cadbury Bourn Vita book of knowldge/ (Record no. 59827)

MARC details
000 -LEADER
fixed length control field 01531nam a22002777a 4500
005 - DATE AND TIME OF LATEST TRANSACTION
control field 20111222104447.0
010 ## - LCCN (DPL NO)
LC control number B-448510-514
020 ## - INTERNATIONAL STANDARD BOOK NUMBER
International Standard Book Number 9780143330257 (V.7-9)
Terms of availability 225.00
035 ## - SYSTEM CONTROL NUMBER
System control number B-448510-514
037 ## - SOURCE OF ACQUISITION
Source of stock number/acquisition K.K.Pub/Ven
082 ## - DEWEY DECIMAL CLASSIFICATION NUMBER
Classification number 000
100 ## - MAIN ENTRY--PERSONAL NAME
Personal name O'Brien, Derek
245 ## - TITLE STATEMENT
Title Cadbury Bourn Vita book of knowldge/
Statement of responsibility, etc by Derek O'Brien
260 ## - PUBLICATION, DISTRIBUTION, ETC. (IMPRINT)
Place of publication, distribution, etc New Delhi
Name of publisher, distributor, etc Penguin Group
Date of publication, distribution, etc 2007
270 ## - ADDRESS
Address 11 Community Centre, Panchsheel Park
City New Delhi
Postal code 110017
300 ## - PHYSICAL DESCRIPTION
Extent v.7-9 (384p.)
Dimensions 18cm(pbk)
650 ## - SUBJECT ADDED ENTRY--TOPICAL TERM
Topical term or geographic name as entry element Stories
700 ## - ADDED ENTRY--PERSONAL NAME
Personal name
9 (RLIN) 37375
942 ## - ADDED ENTRY ELEMENTS (KOHA)
Source of classification or shelving scheme Dewey Decimal Classification
Item type English Books
Call number suffix OBR
Classification part 000
Holdings
Withdrawn status Lost status Not for loan Collection code Home library Current library Date acquired Source of acquisition Cost, normal purchase price Full call number Barcode Copy number Cost, replacement price Koha item type
      Non-fiction Bawana Bawana 20/04/2012 K.K.Pub/1318/23.09.2011/03/23.09.2011/09.11.2011 225.00 000 OBR B-448513 1 225.00 English Books
      Non-fiction Central Library Central Library 20/04/2012 K.K.Pub/1318/23.09.2011/03/23.09.2011/09.11.2011 225.00 000 OBR B-448510 1 225.00 English Books
      Non-fiction Patel Nagar Patel Nagar 20/04/2012 K.K.Pub/1318/23.09.2011/03/23.09.2011/09.11.2011 225.00 000 OBR B-448511 1 225.00 English Books
      Non-fiction Sarojini Nagar Sarojini Nagar 20/04/2012 K.K.Pub/1318/23.09.2011/03/23.09.2011/09.11.2011 225.00 000 OBR B-448512 1 225.00 English Books
  Lost and Paid For   Non-fiction Shahdara Branch Shahdara Branch 20/04/2012 K.K.Pub/1318/23.09.2011/03/23.09.2011/09.11.2011 225.00 000 OBR B-448514 1 225.00 English Books

© Delhi Public Library
Hit Counter
free hit counter